| 000 | 006030000a22001930004500 | ||
|---|---|---|---|
| 003 | LK-CoMWRAF | ||
| 008 | 230817t ||||| |||| 00| 0 eng d | ||
| 020 | _a9551066014 | ||
| 040 |
_aLK-CoMWRAF _dLK-CoMWRAF _eLK-CoMWRAF |
||
| 041 | _aeng | ||
| 100 | _aSarvananthan, Muttukrishna | ||
| 245 |
_aWhat Impede Economic Revival in the North & East Province of Sri Lanka _bWorking Paper 02 |
||
| 260 |
_bPoint Pedro Institute of Development _aPoint Pedro (Sri Lanka) _c2003 |
||
| 300 | _ap.16 | ||
| 490 | _aPPID Working Paper Series | ||
| 650 | _aLTTE - Side | ||
| 650 | _aSri Lankan - Side | ||
| 942 | _cBK | ||
| 999 |
_c2276 _d2276 |
||